NHL 50 Goal Seasons - Sudden Death - Statistics

General Stats
  • This quiz has been taken 300 times
    70 since last reset
  • The average score is 6 of 18
Answers on the Grid
Answers color-coded by a green-red scale on the quiz's grid according to % correct below.
Maurice Richard
Patrick Kane
Auston Matthews
Jonathan Cheechoo
Bobby Orr
Frank Mahovlich
Mario Lemieux
Luc Robitaille
Danny Heatley
Marian Hossa
Paul Coffey
Gordie Howe
Mike Bossy
Eric Lindros
Sidney Crosby
Rick Tocchet
Patrick Marleau
Jari Kurri
Alexi Yashin
Steven Stamkos
John Tavares
Vincent Lecavalier
Pat LaFontaine
Mats Sundin
Phil Esposito
Steve Yzerman
Mike Gartner
Evgeni Malkin
Brendan Shanahan
Johnny Gaudreau
Pat Verbeek
Teemu Selänne
 
Answer Stats
Answer % Correct
Maurice Richard
76%
Auston Matthews
66%
Mario Lemieux
59%
Teemu Selänne
41%
Steven Stamkos
39%
Jari Kurri
37%
Phil Esposito
37%
Mike Bossy
34%
Sidney Crosby
34%
Jonathan Cheechoo
32%
Steve Yzerman
29%
Danny Heatley
27%
Luc Robitaille
27%
Brendan Shanahan
24%
Mike Gartner
24%
Evgeni Malkin
20%
Vincent Lecavalier
17%
Pat LaFontaine
2%
No matching quizzes found
Score Distribution
Percent of People with Each Score
Percentile by Number Answered
Your Score History
You have not taken this quiz since the last reset